000 00543nam a2200193 i 4500
001 27510
003 ES-MaACL
005 20230906153631.0
007 t|
008 030114s1973 sp ||||1| spa d
100 1 _aAzcárate, Juan.
_924244
245 1 0 _aOrganización del trabajo /
_cJuan Azcárate.
260 _aMadrid, etc. :
_bIndex,
_c[1973]
300 _a173 p. ;
_c17 cm.
490 1 _aQué es y para qué ;
_v39
830 0 _aQué es y para qué ;
_v39
_9182061
852 _aES-MaACL
_jC-55005
_bR.87673
999 _c27510
_d27510